<?xml version="1.0" encoding="UTF-8"?>
<record
    xmlns:xsi="http://www.w3.org/2001/XMLSchema-instance"
    xsi:schemaLocation="http://www.loc.gov/MARC21/slim http://www.loc.gov/standards/marcxml/schema/MARC21slim.xsd"
    xmlns="http://www.loc.gov/MARC21/slim">

  <leader>02193nam a22002777a 4500</leader>
  <controlfield tag="003">DO-SdBPM</controlfield>
  <controlfield tag="005">20250903125440.0</controlfield>
  <controlfield tag="007">ta</controlfield>
  <controlfield tag="008">210318b2015    dr    ||| 00| 0 spa d</controlfield>
  <datafield tag="020" ind1=" " ind2=" ">
    <subfield code="a">9789945452815</subfield>
  </datafield>
  <datafield tag="040" ind1=" " ind2=" ">
    <subfield code="a">DO-SdBPM</subfield>
    <subfield code="b">spa</subfield>
    <subfield code="c">BPMSU</subfield>
    <subfield code="e">rda</subfield>
  </datafield>
  <datafield tag="082" ind1=" " ind2="4">
    <subfield code="a">972.9304 </subfield>
    <subfield code="b">Z12p 2015</subfield>
    <subfield code="2">22</subfield>
  </datafield>
  <datafield tag="100" ind1=" " ind2=" ">
    <subfield code="a"> Zabala Lorenzo, Roque</subfield>
    <subfield code="d">1954 -</subfield>
  </datafield>
  <datafield tag="245" ind1="1" ind2="0">
    <subfield code="a">Proclamas de independencia /</subfield>
    <subfield code="c">Roque Zabala Lorenzo </subfield>
  </datafield>
  <datafield tag="264" ind1=" " ind2=" ">
    <subfield code="a">Santo Domingo :</subfield>
    <subfield code="b">Librer&#xED;a la Trinitaria ,</subfield>
    <subfield code="c">2015</subfield>
  </datafield>
  <datafield tag="300" ind1=" " ind2=" ">
    <subfield code="a">186 p&#xE1;ginas  :</subfield>
    <subfield code="b">ilustraci&#xF3;n ;</subfield>
    <subfield code="c">21 cm.</subfield>
  </datafield>
  <datafield tag="336" ind1=" " ind2=" ">
    <subfield code="a">texto</subfield>
    <subfield code="b">txt</subfield>
    <subfield code="2">rdacontent</subfield>
  </datafield>
  <datafield tag="337" ind1=" " ind2=" ">
    <subfield code="a">sin mediaci&#xF3;n </subfield>
    <subfield code="b">n</subfield>
    <subfield code="2">rdamedia</subfield>
  </datafield>
  <datafield tag="338" ind1=" " ind2=" ">
    <subfield code="a">volumen </subfield>
    <subfield code="b">nc</subfield>
    <subfield code="2">rdacarrier </subfield>
  </datafield>
  <datafield tag="500" ind1=" " ind2=" ">
    <subfield code="a">Incluye datos biogr&#xE1;ficos en la contraportada</subfield>
  </datafield>
  <datafield tag="505" ind1="0" ind2=" ">
    <subfield code="a">Introducci&#xF3;n, 5.-- Recorrido hist&#xF3;rico, 11.-- Documento mediante el cual la parte Este de la isla se convierte en colonia espa&#xF1;ola. Declaraci&#xF3;n de Bondillo, 71.-- Documento del 1ro. de diciembre de 1821 sobre separaci&#xF3;n de la isla de la corona espa&#xF1;ola - Independencia Ef&#xED;mera. Declaraci&#xF3;n de Independencia del pueblo dominicano, 73.-- Documento de Independencia de la parte Este de la isla de Santo Domingo de la Rep&#xFA;blica de Hait&#xED;. Manifiesto de los pueblos de la parte Este de la isla antes Espa&#xF1;ola o de Santo Domingo sobre las causas de su independencia de la Rep&#xFA;blica de Hait&#xED;. 16 de enero de 1844, 87.-- Documento mediante el cual Santiago y la parte Norte del pa&#xED;s desconocen el gobierno del la capital encabezado por Buenaventura B&#xE1;ez. Manifiesto de los pueblos del Cibao y de las causas que los han impulsado a reasumir sus derechos, 101.-- Documento en el cual se re&#xFA;nen las fuerzas restauradoras en Santiago y eligen a Jos&#xE9; Antonio Salcedo como Presidente de la Rep&#xFA;blica. Acta de Independencia, Santiago 14 de septiembre del 1863, 107.-- Restauraci&#xF3;n. Anexos, 117.-- Acta Constitutiva del Gobierno Provisional del Estado independiente de la parte Espa&#xF1;ola de Hait&#xED;, 121.-- Constituci&#xF3;n del 19 de Febrero de 1858, 133.-- Bibliograf&#xED;a, 185.</subfield>
  </datafield>
  <datafield tag="590" ind1=" " ind2=" ">
    <subfield code="a">inventariado, 2025 /VM</subfield>
  </datafield>
  <datafield tag="651" ind1=" " ind2="7">
    <subfield code="a">Rep&#xFA;blica Dominicana </subfield>
    <subfield code="x">Historia</subfield>
    <subfield code="y">Independencia nacional 1844</subfield>
  </datafield>
  <datafield tag="910" ind1=" " ind2=" ">
    <subfield code="a">VMateo V. Control de calidad. BPMSU </subfield>
  </datafield>
  <datafield tag="942" ind1=" " ind2=" ">
    <subfield code="2">ddc</subfield>
    <subfield code="c">BK</subfield>
  </datafield>
  <datafield tag="952" ind1=" " ind2=" ">
    <subfield code="0">0</subfield>
    <subfield code="1">0</subfield>
    <subfield code="2">ddc</subfield>
    <subfield code="7">0</subfield>
    <subfield code="8">CD</subfield>
    <subfield code="a">BPMET</subfield>
    <subfield code="b">BPMET</subfield>
    <subfield code="d">2021-03-18</subfield>
    <subfield code="l">0</subfield>
    <subfield code="o">BPMSU CD 972.9304  Z12p 2015</subfield>
    <subfield code="p">BPMSU21030050</subfield>
    <subfield code="r">2021-03-18</subfield>
    <subfield code="w">2021-03-18</subfield>
    <subfield code="y">BK</subfield>
  </datafield>
  <datafield tag="952" ind1=" " ind2=" ">
    <subfield code="0">0</subfield>
    <subfield code="1">0</subfield>
    <subfield code="2">ddc</subfield>
    <subfield code="7">0</subfield>
    <subfield code="8">CD</subfield>
    <subfield code="a">BPMET</subfield>
    <subfield code="b">BPMET</subfield>
    <subfield code="d">2021-03-18</subfield>
    <subfield code="l">0</subfield>
    <subfield code="o">BPMSU CD 972.9304  Z12p 2015</subfield>
    <subfield code="p">BPMSU21030051</subfield>
    <subfield code="r">2021-03-18</subfield>
    <subfield code="t">e.2</subfield>
    <subfield code="w">2021-03-18</subfield>
    <subfield code="y">BK</subfield>
  </datafield>
  <datafield tag="952" ind1=" " ind2=" ">
    <subfield code="0">0</subfield>
    <subfield code="1">0</subfield>
    <subfield code="2">ddc</subfield>
    <subfield code="7">0</subfield>
    <subfield code="8">CD</subfield>
    <subfield code="a">BPMET</subfield>
    <subfield code="b">BPMET</subfield>
    <subfield code="d">2021-03-18</subfield>
    <subfield code="l">0</subfield>
    <subfield code="p">BPMSU21030052</subfield>
    <subfield code="r">2021-03-18</subfield>
    <subfield code="t">e.3</subfield>
    <subfield code="w">2021-03-18</subfield>
    <subfield code="y">BK</subfield>
  </datafield>
  <datafield tag="999" ind1=" " ind2=" ">
    <subfield code="c">13402</subfield>
    <subfield code="d">13402</subfield>
  </datafield>
</record>
